Państwa z największą ilością miast powyżej 1mln mieszkańców - Statystyki

Ogólne statystyki
  • Ten quiz został rozwiązany 125 razy
  • Średni wynik to 17 z 21
Statystyki odpowiedzi
Miasta +1mln Państwa % Poprawnych
66 Chiny
100%
45 Indie
100%
9 Stany Zjednoczone
100%
15 Rosja
97%
14 Brazylia
95%
12 Japonia
95%
10 Meksyk
88%
4 Niemcy
88%
11 Indonezja
86%
5 Australia
83%
4 Egipt
83%
10 Nigeria
83%
7 Turcja
81%
4 Południowa Afryka
77%
9 Korea Południowa
76%
8 Iran
74%
10 Pakistan
72%
4 Kolumbia
64%
4 Arabia Saudyjska
63%
4 Filipiny
58%
4 Irak
57%
Nie znaleziono quizów pasujących do podanych kryteriów
Rozkład punktacji
Procent ludzi z każdym wynikiem
Percentyl według liczby udzielonych odpowiedzi
Twoja historia wyników
Nie rozwiązałeś tego quizu